00724 2200277 4500001002100000005001700021008004100038020001800079035002400097082001000121082001000131084002000141100002000161245006500181250001100246260003000257300002400287440001900311650002100330700002000351850001500371999001500386999001500401999001500416999001500431YOGYA-0209000003662120170119141134.0 ind  a979-752-364-0 0010-020900000036621 a028.5 a028.5 aKa028.5bRha B aRHAMDANI, Benny aBermain bersamacBenny Rhamdani ; ilustrator, Haji Pidi Baiq aCet. 1 aBandungbDAR! Mizanc2006 a23 hlmbilusc16 cm aDongeng balita aBacaan bergambar aBaiq, Haji Pidi aYOPDYOG(B) a06P0000473 a06P0000474 a06P0000475 a06P0000476